00540nam a22001817a 4500999001900000003000400019020001800023082001900041100001700060245002900077260004200106300001000148440001600158546001200174650002700186942001200213952013300225 c196272d196272OSt a9780340894583 a808.89bBLY/FI aBlyton, Enid aFive go off in a caravan aLondonbHodders Children's bookc1946 a232p. aFamous five aEnglish aChidren's literature  2ddccBK 00102ddc40708GenaKAUCLVbKAUCLVcGENERALd2021-11-23g165.00l2o808.89 BLY/FIp231334r2026-03-25 14:08:16s2026-03-10yBK